Movies Quiz

Random Movies or Pixar Quiz

Every Pixar Title Word Quiz Stats

 Plays Quiz Updated Jul 31, 2018

Score 0/25 Timer 01:00
4 Plays Today
Pixar Title Words % Correct
Toy
89.9%
Story
88.1%
Inc.
79.7%
The
75.7%
Monsters
74.1%
A
74%
2
73.8%
Cars
73.6%
3
72.3%
Up
71.9%
Bug's
61.7%
Life
60.4%
Incredibles
58.3%
Pixar Title Words % Correct
Finding
55.5%
Nemo
55.4%
University
53.5%
WALL-E
51.4%
Brave
46.6%
Dory
46.5%
Ratatouille
38.3%
Inside
34.6%
Out
34.2%
Dinosaur
26.4%
Good
25.8%
Coco
22.7%

You're not logged in!

Compare scores with friends on all Sporcle quizzes.
OR
Log In

You Might Also Like...

Show Comments

Extras

Top Quizzes Today


Score Distribution

Your Account Isn't Verified!

In order to create a playlist on Sporcle, you need to verify the email address you used during registration. Go to your Sporcle Settings to finish the process.

Report this User

Report this user for behavior that violates our Community Guidelines.

Details: